[Event "Gdansk op"]
[Site "Gdansk"]
[Date "2008.07.24"]
[Round "6"]
[White "Smalara, Kazimierz"]
[Black "Bartkowiak, Damian"]
[Result "1-0"]
[WhiteElo "1952"]
[BlackElo "2088"]
[PlyCount "63"]
[EventDate "2008.07.19"]
[EventType "swiss"]
[EventRounds "9"]
[EventCountry "POL"]
[SourceTitle "EXT 2009"]
[Source "ChessBase"]
[SourceDate "2008.11.26"]
[SourceVersion "1"]
[SourceVersionDate "2008.11.26"]
[SourceQuality "1"]

1. d4 d5 2. g3 c6 3. Bg2 e6 4. Nf3 Bd6 5. b3 f5 6. e3 Nf6 7. Bb2 Nbd7 8. c4 0-0 9. 0-0 b6 10. Nc3 Ba6 11. Nd2 Ne4 12. Ncxe4 fxe4 13. f3 exf3 14. Rxf3 Qg5 15. Qe2 Nf6 16. Raf1 Bb4 17. Nb1 h5 18. a3 Bd6 19. Nd2 Rae8 20. e4 dxc4 21. bxc4 e5 22. Rf5 Qh6 23. dxe5 Bc5+ 24. Kh1 Ng4 25. h3 Rd8 26. Rxf8+ Bxf8 27. Rf4 Bc5 28. Nf1 Re8 29. hxg4 hxg4+ 30. Nh2 Qe6 31. Bf1 Rd8 32. Nxg4 1-0

[Event "Gdansk op"]
[Site "Gdansk"]
[Date "2008.07.19"]
[Round "1"]
[White "Marszalek, Maciej"]
[Black "Smalara, Kazimierz"]
[Result "1-0"]
[WhiteElo "2355"]
[BlackElo "1952"]
[PlyCount "67"]
[EventDate "2008.07.19"]
[EventType "swiss"]
[EventRounds "9"]
[EventCountry "POL"]
[SourceTitle "EXT 2009"]
[Source "ChessBase"]
[SourceDate "2008.11.26"]
[SourceVersion "1"]
[SourceVersionDate "2008.11.26"]
[SourceQuality "1"]

1. d4 g6 2. Nf3 Bg7 3. c4 d6 4. g3 c6 5. Bg2 Nd7 6. 0-0 Ngf6 7. Nc3 0-0 8. e4 e5 9. h3 Qc7 10. Be3 Re8 11. d5 c5 12. Ne1 a6 13. a4 b6 14. Nd3 Nf8 15. f4 exf4 16. gxf4 Ra7 17. Bf2 Nh5 18. Qf3 Nd7 19. Rae1 Qd8 20. Re2 Bd4 21. Rfe1 Qh4 22. Kh2 Bxf2 23. Qxf2 Qxf2 24. Rxf2 f6 25. Rfe2 Kf8 26. Bf3 Ng7 27. Bg4 f5 28. Bf3 Nb8 29. e5 Ree7 30. a5 Nd7 31. e6 Nf6 32. axb6 Rab7 33. Na4 Rb8 34. b4 1-0

[Event "Pomorza-ch Seniors"]
[Site "Gdansk"]
[Date "2007.11.24"]
[Round "9.6"]
[White "Smalara, Kazimierz"]
[Black "Ciszewski, Marek"]
[Result "0-1"]
[WhiteElo "1985"]
[BlackElo "1974"]
[PlyCount "56"]
[EventDate "2007.11.10"]
[EventType "swiss"]
[EventRounds "9"]
[EventCountry "POL"]
[SourceTitle "EXT 2023"]
[Source "ChessBase"]
[SourceDate "2022.10.05"]
[SourceVersion "1"]
[SourceVersionDate "2022.10.05"]
[SourceQuality "1"]

1. d4 c5 2. e4 cxd4 3. Qxd4 Nc6 4. Qa4 d6 5. Be3 Nf6 6. f3 g6 7. c4 Bd7 8. Qd1 Bg7 9. Nc3 Qa5 10. Qd2 0-0 11. Nge2 Ne5 12. Ng3 Be6 13. b3 Nfg4 14. fxg4 Nf3+ 15. gxf3 Bxc3 16. Ke2 Bxd2 17. Bxd2 Qe5 18. Bg2 b5 19. cxb5 Qxb5+ 20. Kf2 Rac8 21. Rhd1 Rc2 22. Ne2 Rfc8 23. Ke1 Qb6 24. Rdc1 Rxc1+ 25. Bxc1 Qa5+ 26. Bd2 Qe5 27. Rb1 Qxh2 28. Kf1 Qe5 0-1

[Event "POL-chT 2nd League"]
[Site "Wysowa"]
[Date "2007.09.10"]
[Round "8"]
[White "Przybyla, Kamil"]
[Black "Smalara, Kazimierz"]
[Result "1-0"]
[WhiteElo "2035"]
[BlackElo "2017"]
[PlyCount "103"]
[EventDate "2007.09.03"]
[EventType "team-swiss"]
[EventRounds "9"]
[EventCountry "POL"]
[SourceTitle "EXT 2010"]
[Source "ChessBase"]
[SourceDate "2010.11.25"]
[SourceVersion "1"]
[SourceVersionDate "2010.11.25"]
[SourceQuality "1"]
[WhiteTeam "Warszawa YMCA"]
[BlackTeam "Gdynia Korsarz"]
[WhiteTeamCountry "POL"]
[BlackTeamCountry "POL"]

1. e4 c5 2. Nf3 d6 3. Bb5+ Bd7 4. Bxd7+ Nxd7 5. 0-0 g6 6. c3 Bg7 7. d4 Qc7 8. a4 Ngf6 9. Re1 e5 10. Na3 a6 11. dxe5 dxe5 12. Nc4 0-0 13. Qd6 Qxd6 14. Nxd6 b6 15. Nc4 Rfe8 16. Bg5 h6 17. Bxf6 Bxf6 18. Red1 Ra7 19. Rd5 Re7 20. a5 bxa5 21. Rxa5 Re6 22. Ne1 Be7 23. Nd3 f6 24. f3 Kf7 25. Kf2 Rc6 26. Rxd7 Rxd7 27. Ndxe5+ fxe5 28. Nxe5+ Ke8 29. Nxc6 Rd2+ 30. Kg3 Bd6+ 31. e5 Bc7 32. Rxc5 Rxb2 33. Nb4 Bb6 34. Rc6 Bf2+ 35. Kh3 a5 36. Nd5 Rd2 37. Nf6+ Kf7 38. Ne4 Re2 39. Rf6+ Kg7 40. Ra6 Be3 41. Rxa5 g5 42. Ng3 Re1 43. Nf5+ Kg6 44. Nxe3 Rxe3 45. Rc5 h5 46. Kg3 Re2 47. c4 Kf5 48. e6+ Kf6 49. h4 gxh4+ 50. Kh3 Kg6 51. f4 Re4 52. Re5 1-0

[Event "Gdansk-ch"]
[Site "Gdansk"]
[Date "2007.07.28"]
[Round "8"]
[White "Smalara, Kazimierz"]
[Black "Andrearczyk, Pawel"]
[Result "0-1"]
[WhiteElo "2017"]
[BlackElo "1924"]
[PlyCount "36"]
[EventDate "2007.07.22"]
[EventType "swiss"]
[EventRounds "9"]
[EventCountry "POL"]
[SourceTitle "CBM 119 Extra"]
[Source "ChessBase"]
[SourceDate "2007.09.04"]
[SourceVersion "1"]
[SourceVersionDate "2007.09.04"]
[SourceQuality "1"]

1. d4 Nf6 2. c4 e6 3. a3 d5 4. e3 b6 5. cxd5 Nxd5 6. e4 Nf6 7. Nc3 Bb7 8. f3 Be7 9. Be3 Nbd7 10. Bc4 0-0 11. Nge2 c5 12. Qd2 cxd4 13. Nxd4 Rc8 14. Ba2 Ne5 15. Qe2 Bxa3 16. Bxe6 Bxb2 17. Rd1 Bxc3+ 18. Kf2 fxe6 0-1

[Event "Gdansk-ch"]
[Site "Gdansk"]
[Date "2007.07.25"]
[Round "5"]
[White "Lancucki, Maciej"]
[Black "Smalara, Kazimierz"]
[Result "1-0"]
[WhiteElo "2007"]
[BlackElo "2017"]
[PlyCount "103"]
[EventDate "2007.07.22"]
[EventType "swiss"]
[EventRounds "9"]
[EventCountry "POL"]
[SourceTitle "CBM 119 Extra"]
[Source "ChessBase"]
[SourceDate "2007.09.04"]
[SourceVersion "1"]
[SourceVersionDate "2007.09.04"]
[SourceQuality "1"]

1. c4 f5 2. Nc3 Nf6 3. d3 d6 4. e4 e5 5. g3 c6 6. Bg2 Be7 7. Nge2 0-0 8. 0-0 Na6 9. Rb1 Qe8 10. b4 Nc7 11. Qb3 Be6 12. a4 fxe4 13. Nxe4 Nxe4 14. Bxe4 d5 15. cxd5 cxd5 16. Bg2 Qd7 17. d4 Bf5 18. Rb2 e4 19. Nc3 Kh8 20. f3 Bf6 21. Be3 exf3 22. Bxf3 Bd3 23. Rff2 Bc4 24. Qd1 Rae8 25. Bf4 Ne6 26. Be5 Ng5 27. Bg4 Nh3+ 28. Bxh3 Qxh3 29. Bxf6 gxf6 30. Qd2 Re6 31. Rb1 Rfe8 32. Rg2 Re3 33. Qf2 R8e6 34. Rc1 Qg4 35. Qd2 Kg7 36. Kh1 a6 37. Rf2 Qh3 38. Rg2 Bd3 39. Qf2 Bg6 40. Nxd5 Re2 41. Qxe2 Rxe2 42. Rxe2 Qh5 43. Nc3 Qf3+ 44. Kg1 Bd3 45. Re7+ Kg6 46. Rce1 Bc4 47. R7e3 Qc6 48. Rd1 b5 49. axb5 axb5 50. d5 Qd6 51. Ne4 Qxb4 52. d6 1-0

[Event "POL-chT3 Pomorskie"]
[Site "Poland"]
[Date "2007.05.27"]
[Round "?"]
[White "Smalara, Kazimierz"]
[Black "Mokwa, Mikolaj"]
[Result "1-0"]
[WhiteElo "2017"]
[BlackElo "1800"]
[PlyCount "53"]
[EventDate "2007.03.25"]
[EventType "team-tourn"]
[EventRounds "10"]
[EventCountry "POL"]
[SourceTitle "EXT 2019"]
[Source "ChessBase"]
[SourceDate "2018.10.10"]
[SourceVersion "1"]
[SourceVersionDate "2018.10.10"]
[SourceQuality "1"]

1. d4 d5 2. Nf3 Nf6 3. c4 e6 4. a3 Nbd7 5. b3 Be7 6. Bb2 b6 7. e3 Bb7 8. Bd3 0-0 9. Nbd2 c5 10. 0-0 Qc7 11. Rc1 Rac8 12. Qc2 h6 13. Ne5 Bd6 14. f4 Bxe5 15. dxe5 Ne8 16. cxd5 exd5 17. Nf3 Qc6 18. Bf5 Nc7 19. Qd2 Ne6 20. Bb1 f5 21. Nh4 Qb5 22. Nxf5 Rc7 23. Ne7+ Kf7 24. Nxd5 Rcc8 25. f5 Qxb3 26. fxe6+ Kxe6 27. Nf4+ 1-0

[Event "POL-chT3 Pomorskie"]
[Site "Poland"]
[Date "2007.04.29"]
[Round "?"]
[White "Smalara, Kazimierz"]
[Black "Szarmach, Andrzej"]
[Result "1-0"]
[WhiteElo "2017"]
[BlackElo "1800"]
[PlyCount "91"]
[EventDate "2007.03.25"]
[EventType "team-tourn"]
[EventRounds "10"]
[EventCountry "POL"]
[SourceTitle "EXT 2019"]
[Source "ChessBase"]
[SourceDate "2018.10.10"]
[SourceVersion "1"]
[SourceVersionDate "2018.10.10"]
[SourceQuality "1"]

1. d4 d5 2. Nf3 Nf6 3. c4 e6 4. Bg5 c6 5. Nc3 Nbd7 6. e3 Qa5 7. Qc2 Bb4 8. Rc1 Ne4 9. Bh4 Qxa2 10. Bd3 Nxc3 11. bxc3 Qxc2 12. Rxc2 Bd6 13. 0-0 0-0 14. c5 Bc7 15. Ra1 Re8 16. Rca2 a6 17. Nd2 h6 18. f3 Nf8 19. Rb1 Ng6 20. Bf2 Ne7 21. g3 e5 22. Kg2 Rb8 23. Rab2 exd4 24. cxd4 Ng6 25. g4 Ra8 26. h4 Nf8 27. Nf1 Ne6 28. Bg3 Bxg3 29. Kxg3 Nc7 30. Ra1 g6 31. f4 Kg7 32. f5 gxf5 33. gxf5 Re7 34. Kf4 Ne8 35. Ng3 Nf6 36. Rg1 Kh8 37. e4 dxe4 38. Bxe4 Rd7 39. Rd2 Nd5+ 40. Kf3 Nf6 41. Bc2 Re7 42. Bb3 Bd7 43. Re2 Rae8 44. Rxe7 Rxe7 45. Bc4 Nd5 46. Rb1 1-0

[Event "POL-chT3 Pomorskie"]
[Site "Poland"]
[Date "2007.04.15"]
[Round "?"]
[White "Smalara, Kazimierz"]
[Black "Karlo, Tymoteusz"]
[Result "1-0"]
[WhiteElo "2017"]
[BlackElo "1948"]
[PlyCount "67"]
[EventDate "2007.03.25"]
[EventType "team-tourn"]
[EventRounds "10"]
[EventCountry "POL"]
[SourceTitle "EXT 2019"]
[Source "ChessBase"]
[SourceDate "2018.10.10"]
[SourceVersion "1"]
[SourceVersionDate "2018.10.10"]
[SourceQuality "1"]

1. d4 c6 2. c4 d5 3. Nc3 Nf6 4. Nf3 Bf5 5. e3 e6 6. Bd3 Bxd3 7. Qxd3 Nbd7 8. b3 Bd6 9. 0-0 0-0 10. Bb2 Qe7 11. Rad1 Rad8 12. Rfe1 e5 13. e4 dxc4 14. Qxc4 exd4 15. Nxd4 Bxh2+ 16. Kxh2 Ng4+ 17. Kg3 Qg5 18. f4 Qg6 19. Qe2 Ne3+ 20. Kf3 Nxd1 21. Nxd1 Nf6 22. Kf2 Rfe8 23. e5 Nh5 24. Qf3 c5 25. f5 Qg5 26. Ne2 Rd2 27. Kg1 Qh4 28. g3 Qh3 29. Nf2 Rxe2 30. Nxh3 Rxe1+ 31. Kf2 Rb1 32. Qc3 f6 33. g4 fxe5 34. gxh5 1-0

[Event "Gdansk-chA 7th"]
[Site "Gdansk"]
[Date "2005.11.19"]
[Round "8"]
[White "Karlo, Tymoteusz"]
[Black "Smalara, Kazimierz"]
[Result "1/2-1/2"]
[WhiteElo "1910"]
[BlackElo "2027"]
[PlyCount "53"]
[EventDate "2005.11.05"]
[EventType "swiss"]
[EventRounds "9"]
[EventCountry "POL"]
[SourceTitle "EXT 2008"]
[Source "ChessBase"]
[SourceDate "2007.11.25"]
[SourceVersion "1"]
[SourceVersionDate "2007.11.25"]
[SourceQuality "1"]

1. d4 g6 2. c4 Bg7 3. Nc3 d6 4. e4 e5 5. d5 Nh6 6. Bd3 0-0 7. Nf3 a6 8. 0-0 f5 9. b4 Nf7 10. Qc2 f4 11. c5 g5 12. Ba3 g4 13. Nd2 Nd7 14. Nc4 b5 15. cxb6 cxb6 16. b5 Nc5 17. Bxc5 dxc5 18. bxa6 Bxa6 19. Rab1 Rb8 20. a4 Ng5 21. Qb3 Bxc4 22. Qxc4 Kh8 23. Rb2 Rf6 24. Rfb1 Rh6 25. a5 Bf8 26. Rxb6 Rbxb6 27. Rxb6 1/2-1/2

[Event "Gdansk-chA 7th"]
[Site "Gdansk"]
[Date "2005.11.11"]
[Round "4"]
[White "Poniewierski, Piotr"]
[Black "Smalara, Kazimierz"]
[Result "1/2-1/2"]
[WhiteElo "2000"]
[BlackElo "2027"]
[PlyCount "99"]
[EventDate "2005.11.05"]
[EventType "swiss"]
[EventRounds "9"]
[EventCountry "POL"]
[SourceTitle "EXT 2008"]
[Source "ChessBase"]
[SourceDate "2007.11.25"]
[SourceVersion "1"]
[SourceVersionDate "2007.11.25"]
[SourceQuality "1"]

1. Nf3 g6 2. c4 Bg7 3. g3 e5 4. d3 d6 5. Bg2 c6 6. Nc3 f5 7. 0-0 Nf6 8. Qc2 Na6 9. a3 0-0 10. Rb1 Nc5 11. d4 exd4 12. Nxd4 Qe7 13. b4 Nce4 14. Bb2 Bd7 15. Rbd1 Rfe8 16. h3 Rad8 17. Nxe4 fxe4 18. e3 a6 19. Rd2 c5 20. Ne2 Bc6 21. b5 axb5 22. cxb5 Bd7 23. Rfd1 Bc8 24. Nf4 g5 25. Bxf6 Qxf6 26. Nd5 Qh6 27. Bxe4 Bxh3 28. Bf5 Re5 29. Bxh3 Qxh3 30. Qc4 Kh8 31. Nc7 Rf8 32. Qf1 Qg4 33. Qg2 Rf3 34. Kh2 Ref5 35. Rf1 Be5 36. Qh3 Bxg3+ 37. fxg3 Qxh3+ 38. Kxh3 Rxf1 39. Rxd6 Kg8 40. Nd5 Kf7 41. e4 R5f2 42. Kg4 Re1 43. Rd7+ Ke6 44. Re7+ Kd6 45. Kxg5 c4 46. Rxb7 Rxe4 47. Nc3 Re3 48. Nd1 Re5+ 49. Kh6 Rf6+ 50. Kg7 1/2-1/2

[Event "POL-chT 2nd League"]
[Site "Wysowa"]
[Date "2005.09.03"]
[Round "8.41"]
[White "Kulik, Wojciech"]
[Black "Smalara, Kazimierz"]
[Result "1/2-1/2"]
[WhiteElo "2046"]
[BlackElo "2016"]
[PlyCount "123"]
[EventDate "2005.08.27"]
[EventType "team-swiss"]
[EventRounds "9"]
[EventCountry "POL"]
[SourceTitle "EXT 2019"]
[Source "ChessBase"]
[SourceDate "2018.10.10"]
[SourceVersion "1"]
[SourceVersionDate "2018.10.10"]
[SourceQuality "1"]
[WhiteTeam "Milanowek UKS Jedwabnik"]
[BlackTeam "Gdynia Korsarz"]
[WhiteTeamCountry "POL"]
[BlackTeamCountry "POL"]

1. e4 c5 2. Nc3 e6 3. f4 a6 4. a4 b6 5. Nf3 Nc6 6. Bc4 Qc7 7. d3 g6 8. 0-0 Bg7 9. f5 gxf5 10. exf5 d5 11. fxe6 fxe6 12. Bxd5 exd5 13. Nxd5 Qd8 14. c4 Ra7 15. Ng5 Bd4+ 16. Kh1 h5 17. Qf3 Bg4 18. Qe4+ Nge7 19. Nf7 Rf8 20. Qxd4 Nxd5 21. Qe4+ Nde7 22. Bg5 Rxf7 23. Rxf7 Kxf7 24. h3 Bf5 25. Rf1 Qc8 26. g4 hxg4 27. hxg4 Qh8+ 28. Kg2 Qxb2+ 29. Rf2 Qe5 30. gxf5 Qxe4+ 31. dxe4 Ne5 32. Rf4 N7c6 33. Rh4 Rd7 34. Rh7+ Kg8 35. Rxd7 Nxd7 36. Kg3 Kf7 37. Bd2 Nce5 38. Kf4 Nxc4 39. Bc3 Nf6 40. Kf3 Ke7 41. e5 Nd5 42. Ba1 Nd2+ 43. Kg4 Nb3 44. Bb2 c4 45. Kg5 Kf7 46. e6+ Ke7 47. Ba3+ Nc5 48. a5 Ke8 49. axb6 Ne4+ 50. Kg6 Nxb6 51. f6 Nxf6 52. Kxf6 c3 53. Kf5 Nc4 54. Bc1 Ke7 55. Ke4 Nd6+ 56. Kd5 Nb5 57. Bg5+ Ke8 58. Kc4 Nd6+ 59. Kxc3 Ne4+ 60. Kb4 Nxg5 61. Ka5 Nxe6 62. Kxa6 1/2-1/2

[Event "POL-chT 2nd League"]
[Site "Wysowa"]
[Date "2005.09.02"]
[Round "7.29"]
[White "Smalara, Kazimierz"]
[Black "Wolak, Jacek"]
[Result "0-1"]
[WhiteElo "2016"]
[BlackElo "2052"]
[PlyCount "64"]
[EventDate "2005.08.27"]
[EventType "team-swiss"]
[EventRounds "9"]
[EventCountry "POL"]
[SourceTitle "EXT 2019"]
[Source "ChessBase"]
[SourceDate "2018.10.10"]
[SourceVersion "1"]
[SourceVersionDate "2018.10.10"]
[SourceQuality "1"]
[WhiteTeam "Gdynia Korsarz"]
[BlackTeam "Krakow KKSz 1893"]
[WhiteTeamCountry "POL"]
[BlackTeamCountry "POL"]

1. d4 Nf6 2. Nf3 g6 3. Nbd2 Bg7 4. e4 d6 5. Bd3 0-0 6. c4 e5 7. d5 a5 8. Qe2 Na6 9. h3 Nh5 10. g3 f5 11. Nf1 Nc5 12. Bc2 fxe4 13. Ng5 Nf6 14. Nxe4 Nfxe4 15. Bxe4 Qf6 16. Bg2 e4 17. Bxe4 Nxe4 18. Qxe4 Qxf2+ 19. Kd1 Bd7 20. Qe3 Ba4+ 21. b3 Bxb3+ 22. axb3 Bxa1 23. Qe6+ Kh8 24. Bf4 Qf3+ 25. Kc2 Qxh1 26. Ne3 Qh2+ 27. Kd1 Qg1+ 28. Kd2 Qf2+ 29. Kd1 Qf3+ 30. Kd2 Qf2+ 31. Kd1 Qf3+ 32. Kd2 Rxf4 0-1